| 000 | 00453cam a22001577a 4500 | ||
|---|---|---|---|
| 005 | 20250901165803.0 | ||
| 008 | 070628s2005 ke 000 0 swa | ||
| 010 | _a 2007380797 | ||
| 020 | _a9966497722 | ||
| 050 | 0 | 0 | _aMLCS 2025/0001 (P) |
| 100 | 1 |
_aMohamed, Said Ahmed, _d1947- |
|
| 245 | 1 | 0 |
_aArusi ya buldoza na hadithi nyingine _cSaid A. Mohamed. |
| 260 |
_aNairobi : _bLonghorn Publishers, _cc2005. |
||
| 300 |
_ax, 187 p. ; _c18 cm. |
||
| 942 | _2lcc | ||
| 999 |
_c9250 _d9250 |
||